La riforma dell'art. 446 del códice di commercio spagnolo / (Record no. 32354)

MARC details
000 -LEADER
campo de control de longitud fija 00613nam a2200181 i 4500
001 - NÚMERO DE CONTROL
campo de control 32354
003 - IDENTIFICADOR DE NÚMERO DE CONTROL
campo de control ES-MaACL
005 - FECHA Y HORA DE LA ÚLTIMA TRANSACCIÓN
campo de control 20230910063044.0
007 - CAMPO FIJO DE DESCRIPCIÓN FÍSICA--INFORMACIÓN GENERAL
campo de control de longitud fija t|
008 - DATOS DE LONGITUD FIJA--INFORMACIÓN GENERAL
campo de control de longitud fija 030131s1903 it ||||1| ita d
100 1# - ENTRADA PRINCIPAL--NOMBRE DE PERSONA
Nombre de persona Benito y Endara, Lorenzo,
Fechas asociadas al nombre 1855-1932
9 (RLIN) 27698
245 13 - MENCIÓN DEL TÍTULO
Título La riforma dell'art. 446 del códice di commercio spagnolo /
Mención de responsabilidad, etc. Lorenzo Benito.
260 ## - PUBLICACIÓN, DISTRIBUCIÓN, ETC.
Lugar de publicación, distribución, etc. Milano :
Nombre del editor, distribuidor, etc. Francesco Vallardi,
Fecha de publicación, distribución, etc. 1903.
300 ## - DESCRIPCIÓN FÍSICA
Extensión 4 p. ;
Dimensiones 24 cm.
500 ## - NOTA GENERAL
Nota general Estratto dalla Rivista di diritto commerciale e marittimo (Anno I, fascicolo 5, 1903.
852 ## - LOCALIZACIÓN
Ubicación ES-MaACL
Número de control de estantería T-164-F-12
Holdings
Estatus retirado Estado de pérdida Estado de daño No para préstamo Colección Biblioteca de origen Biblioteca actual Ubicación en estantería Fecha de adquisición Fuente de adquisición Total de préstamos Signatura topográfica completa Código de barras Visto por última vez Precio de reemplazo Tipo de ítem Koha
        Colección de folletos Biblioteca del Ateneo de Madrid Biblioteca del Ateneo de Madrid Depósito folletos 17/01/2008     T-164-F-12 1033513 23/02/2023 23/02/2023 Folleto